GEOL 1103 (Record no. 26909)
[ view plain ]
| 000 -LEADER | |
|---|---|
| fixed length control field | 00272nam a22001337a 4500 |
| 008 - FIXED-LENGTH DATA ELEMENTS--GENERAL INFORMATION | |
| fixed length control field | 170908b xxu||||| |||| 00| 0 eng d |
| 020 ## - INTERNATIONAL STANDARD BOOK NUMBER | |
| International Standard Book Number | 9780077564643 |
| 041 ## - LANGUAGE CODE | |
| Language code of text/sound track or separate title | eng |
| 080 ## - UNIVERSAL DECIMAL CLASSIFICATION NUMBER | |
| Universal Decimal Classification number | 91 |
| 100 ## - Rafti | |
| Rafti | 42 |
| 101 ## - Shkurtesa | |
| Shkurtesa | GEO |
| 245 ## - TITLE STATEMENT | |
| Title | GEOL 1103 |
| Statement of responsibility, etc | REY |
| 942 ## - ADDED ENTRY ELEMENTS (KOHA) | |
| Source of classification or shelving scheme | |
| Item type | Books |
| Withdrawn status | Lost status | Source of classification or shelving scheme | Damaged status | Not for loan | Collection code | Permanent location | Current location | Shelving location | Date acquired | Total Checkouts | Full call number | Barcode | Date last seen | Price effective from | Koha item type |
|---|---|---|---|---|---|---|---|---|---|---|---|---|---|---|---|
| Koleksioni i përgjithshem | UBT - Lipjan | UBT - Lipjan | Koleksioni i përgjithshem | 09/08/2017 | 91 REY | 002-2924475 | 09/08/2017 | 09/08/2017 | Books | ||||||
| Koleksioni i përgjithshem | UBT - Lipjan | UBT - Lipjan | Koleksioni i përgjithshem | 09/08/2017 | 91 REY | 002-2924480 | 09/08/2017 | 09/08/2017 | Books |